| 000 | nam a22 a 4500 | ||
|---|---|---|---|
| 999 |
_c1359 _d1359 |
||
| 003 | AKMAL | ||
| 005 | 20170509114807.0 | ||
| 008 | 170509s2000 my 00 may d | ||
| 020 |
_a9676110094 (kkt.): _cRM16.00 |
||
| 040 | _aAKMAL | ||
| 082 | 0 | 4 |
_a302.2 ZUL _221 |
| 090 | 0 | 0 |
_a302.2 _bZUL |
| 100 | 0 |
_aZulkifli Yusof _92667 |
|
| 245 | 1 | 0 |
_aSukarkah komunikasi anda? : _bseni berhubung dengan orang lain / _cZulkifli Yusof |
| 260 |
_aKuala Lumpur : _bUtusan Publications & Distributors, _c2000 |
||
| 300 | 0 | 0 |
_aviii, 126ms. : _bil. ; _c22cm |
| 504 | _aBibliografi: ms. 123-124 | ||
| 650 | 0 |
_aCommunication _9486 |
|
| 650 | 0 |
_aCommunication _xSocial aspects _92668 |
|
| 650 | 0 |
_aInterpersonal communication _91169 |
|
| 942 |
_2ddc _cBOOK |
||